00858cam a22002534a 450000100090000000300120000900500170002100800410003801000170007902000260009604000130012205000230013508200240015824501030018226000700028530000340035550200060038950400510039565000370044665000390048365000360052270000280055870000180058615954387Nust- CAS-E20180118181410.0091021s2010 njua b 001 0 eng  a 2009040165 a9780470472095 (cloth) aDLCcDLC00aTK1191b.O657 201000a621.3222bOPE 201000aOperation and control of electric energy processing systems /cedited by James Momoh, Lamine Mili. aHoboken, N.J. :bWiley ;aPiscataway, N.J. :bIEEE press,cc2010. axii, 185 p. :bill. ;c23 cm. a0 aIncludes bibliographical references and index. 0aElectric power systemsxControl. 0aElectric power-plantsxManagement. 0aElectric utilitiesxManagement.1 aMomoh, James A.,d1950-1 aMili, Lamine.